000 00811nam a2200253Ia 4500
003 OSt
005 20220926022340.0
006 a|||||r|||| 00| 0
007 ta
008 220923b |||||||| |||| 00| 0 eng d
037 _cGeneral Book
040 _aRTL
_cRTL
_beng
041 _2eng
_aeng
082 _aU:(G:55).5924.N9, N9
110 _aUnited Nations Economic Commission for Europe
245 0 _aEnvironmental performance reviews
_b Croatia
260 _aNew York
_bUnited Nations U S A
_c1999
300 _axiv,196p. Bib p. 193-96
_ccm.
490 _aEnvironmental performance Reviews ,7
650 _aGeography- Environment
_9229896
700 _aUnited Nations Economic Commission for Europe
942 _hU:(G:55).5924.N9, N9
_cGB
_2CC
999 _c639252
_d639252